La Liga Santander Teams 2019/2020 - Statistics

General Stats
  • This quiz has been taken 165 times
  • The average score is 12 of 20
Answer Stats
- Answer % Correct
7. FC Barcelona
100%
15. Real Madrid
79%
18. Sevilla
78%
3. Atlético Madrid
76%
2. Athletic Bilbao
70%
16. Real Sociedad
70%
14. Real Betis
67%
8. Getafe
61%
20. Villareal
60%
19. Valencia CF
58%
6. Espanyol
57%
11. Levante
48%
1. Alavés
46%
4. Celta Vigo
46%
10. Leganés
46%
12. Mallorca
43%
17. Real Valladolid
43%
5. Eibar
40%
9. Granada
40%
13. Osasuna
34%
No matching quizzes found
Score Distribution
Percent of People with Each Score
Percentile by Number Answered
Your Score History
You have not taken this quiz